<?xml version="1.0" encoding="UTF-8"?>
<collection xmlns="http://www.loc.gov/MARC21/slim">
 <record>
  <leader>01230nam a2200253 a 4500</leader>
  <controlfield tag="001">1/20812</controlfield>
  <controlfield tag="008">040211s2003    gr a     b    001 0 gre d</controlfield>
  <datafield tag="020" ind1=" " ind2=" ">
   <subfield code="a">9608050545</subfield>
  </datafield>
  <datafield tag="035" ind1=" " ind2=" ">
   <subfield code="l">21412</subfield>
  </datafield>
  <datafield tag="040" ind1=" " ind2=" ">
   <subfield code="a">GR-PeUP</subfield>
  </datafield>
  <datafield tag="082" ind1="0" ind2="0">
   <subfield code="a">004.6 STA ΜΤΦ</subfield>
  </datafield>
  <datafield tag="100" ind1="1" ind2=" ">
   <subfield code="a">Stallings, William.</subfield>
  </datafield>
  <datafield tag="245" ind1="1" ind2="0">
   <subfield code="a">Επικοινωνίες υπολογιστών και δεδομένων /</subfield>
   <subfield code="c">Williams Stallings ; επιμ. μετάφρασης Θεοδώρου Παύλος.</subfield>
  </datafield>
  <datafield tag="250" ind1=" " ind2=" ">
   <subfield code="a">6η έκδ.</subfield>
  </datafield>
  <datafield tag="260" ind1=" " ind2=" ">
   <subfield code="a">Θεσσαλονίκη :</subfield>
   <subfield code="b">Εκδόσεις Τζιόλα,</subfield>
   <subfield code="c">2003.</subfield>
  </datafield>
  <datafield tag="300" ind1=" " ind2=" ">
   <subfield code="a">999 σ. :</subfield>
   <subfield code="b">εικ. ;</subfield>
   <subfield code="c">25 εκ.</subfield>
  </datafield>
  <datafield tag="500" ind1=" " ind2=" ">
   <subfield code="a">Τίτλος πρωτοτύπου: Data and computer communications.</subfield>
  </datafield>
  <datafield tag="504" ind1=" " ind2=" ">
   <subfield code="a">Περιέχει βιβλιογραφία.</subfield>
  </datafield>
  <datafield tag="650" ind1=" " ind2="4">
   <subfield code="a">Δίκτυα υπολογιστών.</subfield>
  </datafield>
  <datafield tag="650" ind1=" " ind2="4">
   <subfield code="a">Συστήματα μεταφοράς δεδομένων.</subfield>
  </datafield>
  <datafield tag="700" ind1="1" ind2=" ">
   <subfield code="a">Θεοδώρου, Παύλος,</subfield>
   <subfield code="e">μετ.</subfield>
  </datafield>
  <datafield tag="852" ind1=" " ind2=" ">
   <subfield code="a">INST</subfield>
   <subfield code="b">UNIPILB</subfield>
   <subfield code="c">MAIN</subfield>
   <subfield code="e">20040709</subfield>
   <subfield code="h">004.6 STA ΜΤΦ</subfield>
   <subfield code="p">00142961</subfield>
   <subfield code="q">00142961</subfield>
   <subfield code="t">LOAN</subfield>
   <subfield code="y">0</subfield>
   <subfield code="4">1</subfield>
  </datafield>
  <datafield tag="852" ind1=" " ind2=" ">
   <subfield code="a">INST</subfield>
   <subfield code="b">UNIPILB</subfield>
   <subfield code="c">MAIN</subfield>
   <subfield code="e">20050214</subfield>
   <subfield code="h">004.6 STA ΜΤΦ</subfield>
   <subfield code="p">00146515</subfield>
   <subfield code="q">00146515</subfield>
   <subfield code="t">LOAN</subfield>
   <subfield code="y">0</subfield>
   <subfield code="4">2</subfield>
  </datafield>
  <datafield tag="852" ind1=" " ind2=" ">
   <subfield code="a">INST</subfield>
   <subfield code="b">UNIPILB</subfield>
   <subfield code="c">MAIN</subfield>
   <subfield code="e">20080212</subfield>
   <subfield code="h">004.6 STA ΜΤΦ</subfield>
   <subfield code="p">00155064</subfield>
   <subfield code="q">00155064</subfield>
   <subfield code="t">LOAN</subfield>
   <subfield code="y">0</subfield>
   <subfield code="4">3</subfield>
  </datafield>
 </record>
</collection>
